000 00850cam a2200205 i 4500
005 20251207102054.0
008 250721s2001 sy gr 000 0 ara d
082 1 4 _a214.5
_bن ب ه
100 1 _aالنبهاني، يوسف بن إسماعيل بن يوسف
_eمؤلف.
245 1 0 _aعلامات يوم القيامة الصغرى و الكبرى /
_cتأليف يوسف بن إسماعيل النبهاني ؛ اعتنى به خالد محمود خادم السروجي.
250 _aالطبعة الأولى.
264 3 1 _aدمشق :
_bمكتبة ابن القيم،
_c2001.
300 _a108صفحة.
650 1 7 _aالإسلام.
650 1 7 _aالعقيدة الدينية.
650 1 7 _aالحياة الآخرة.
700 1 _aالسروجي، خالد محمود
_eمحقق.
942 _2ddc
_cBK
999 _c40770
_d40770